000 00529 a2200193 4500
001 63229
005 20260407155928.0
008 260407a1968 arg spa d
003 AR-UNSa-BCEJYS
040 _aAR-UNSa-BCEJYS
_bspa
_cAR-UNSa-BCEJYS
080 _a511
_xTeoría de números
245 1 0 _aLos números y sus misterios
264 1 _aBarcelona :
_bEdiciones Martínez Roca
_c1968
300 _a193 p.
_c18 cm.
041 _aspa
942 _cBK
590 _aniveau_biblio:m niveau_hierar:0
100 1 _aWarusfel, André
999 _c8063
_d8063